ALL Hayley Williams (including Paramore) songs - Statistics

General Stats
  • This quiz has been taken 643 times
    202 since last reset
  • The average score is 76 of 156
Answer Stats
Album Track # Answer % Correct
Riot! 4 Misery Business
88%
EGO 13 Hard
82%
All We Know Is Falling 1 All We Know
80%
This Is Why 1 This Is Why
80%
Brand New Eyes 11 All I Wanted
79%
After Laughter 1 Hard Times
79%
Brand New Eyes 6 The Only Exception
78%
Brand New Eyes 4 Brick By Boring Brick
76%
Riot! 8 Crushcrushcrush
76%
Paramore 9 Still Into You
76%
All We Know Is Falling 3 Emergency
75%
The Summer Tic EP 1 Emergency (Crab Mix)
75%
Paramore 6 Ain't It Fun
74%
Singles/Other (Paramore) Oct. 21, 2008 (Track 2) Decode
74%
Brand New Eyes 2 Ignorance
73%
Riot! 2 That's What You Get
71%
After Laughter 6 26
69%
Brand New Eyes 3 Playing God
69%
After Laughter 2 Rose-Colored Boy
66%
Riot! 5 When It Rains
66%
Collaborations/Features April 27, 2010 Airplanes, Pt. 2 (with B.o.B. & Eminem)
65%
Collaborations/Features April 27, 2010 Airplanes (with B.o.B.)
65%
This Is Why 2 The News
65%
Paramore 1 Fast In My Car
64%
All We Know Is Falling 9 Franklin
64%
Brand New Eyes 10 Misguided Ghosts
63%
After Laughter 7 Pool
63%
Brand New Eyes 1 Careful
62%
Riot! 1 For a Pessimist, I'm Pretty Optimistic
62%
Paramore 2 Now
62%
All We Know Is Falling 2 Pressure
62%
Petals For Armor 1 Simmer
62%
EGO 5 Ego Death at a Bachelorette Party
61%
After Laughter 5 Fake Happy
61%
Riot! 10 Fences
61%
Paramore 7 Part II
61%
This Is Why 3 Running Out Of Time
61%
Paramore 10 Anklebiters
60%
EGO 15 Glum
60%
EGO 1 Kill Me
60%
Riot! 6 Let the Flames Begin
60%
Singles/Other (Paramore) June 3, 2011 Monster
60%
Brand New Eyes 9 Where the Lines Overlap
60%
Singles Club 3 In the Mourning
58%
After Laughter 3 Told You So
58%
After Laughter 9 Caught In the Middle
57%
This Is Why 7 Figure 8
57%
Paramore 8 Last Hope
57%
After Laughter 11 No Friend
57%
Petals For Armor 4 Roses / Lotus / Violet / Iris
57%
All We Know Is Falling 8 Conspiracy
56%
This Is Why 10 Thick Skull
56%
Riot! 11 Born For This
55%
Petals For Armor 3 Cinnamon
55%
Riot! 3 Hallelujah
55%
After Laughter 10 Idle Worship
55%
Singles Club 1 Renegade
55%
After Laughter 12 Tell Me How
55%
Brand New Eyes 5 Turn It Off
55%
Paramore 17 Future
54%
Paramore 3 Grow Up
54%
Paramore 15 Interlude: I'm Not Angry Anymore
54%
All We Know Is Falling 10 My Heart
54%
Paramore 14 (One of Those) Crazy Girls
54%
EGO 2 True Believer
54%
This Is Why 4 C'est Comme Ca
53%
This Is Why 9 Crave
53%
Petals For Armor 5 Crystal Clear
53%
Petals For Armor 1 Dead Horse
53%
EGO 7 Ice in My OJ
53%
Brand New Eyes 8 Looking Up
53%
Riot! 9 We Are Broken
53%
Brand New Eyes 7 Feeling Sorry
52%
Paramore 13 Hate To See Your Heart Break
52%
Singles/Other (Paramore) Nov 4, 2008 (Track 8) I Caught Myself
52%
All We Know Is Falling 6 Never Let This Go
52%
This Is Why 5 Big Man, Little Dignity
51%
Paramore 4 Daydreaming
51%
Paramore 18 Hate To See Your Heart Break (feat. Joy Williams)
51%
EGO 14 Whim
51%
FLOWERS for VASES / descansos 13 Descansos
49%
EGO 11 Discovery Channel
49%
After Laughter 4 Forgiveness
49%
Singles Club 2 Hello Cold World
49%
This Is Why 8 Liar
49%
Petals For Armor 3 Sugar on the Rim
49%
All We Know Is Falling 7 Whoa
49%
After Laughter 8 Grudges
48%
Paramore 11 Interlude: Holiday
48%
EGO 6 Mirtazapine
48%
Collaborations/Features Jan. 1, 2013 Stay the Night (with Zedd)
48%
FLOWERS for VASES / descansos 3 Asystole
47%
EGO 10 Dream Girl in Shibuya
47%
EGO 12 Love Me Different
47%
FLOWERS for VASES / descansos 2 My Limb
47%
Riot! 13 Stop This Song (Lovesick Melody)
47%
Petals For Armor 2 My Friend
46%
Petals For Armor 5 Sudden Desire
46%
Paramore 5 Interlude: Moving On
45%
Riot! 7 Miracle
45%
This Is Why 6 You First
45%
EGO 17 I Won't Quit on You
44%
Petals For Armor 2 Leave It Alone
44%
Paramore 20 Native Tongue
44%
Paramore 12 Proof
44%
All We Know Is Falling 4 Brighter
43%
The Summer Tic EP 2 O Star
43%
EGO 8 Brotherly Hate
42%
All We Know Is Falling 5 Here We Go Again
42%
FLOWERS for VASES / descansos 5 Over Those Hills
42%
EGO 9 Zissou
42%
Paramore 16 Be Alone
40%
Paramore 19 Escape Route
40%
Petals For Armor 5 Why We Ever
40%
EGO 3 Blood Bros
39%
FLOWERS for VASES / descansos 1 First Thing To Go
39%
FLOWERS for VASES / descansos 14 Just a Lover
39%
Petals For Armor 4 Creepin'
38%
FLOWERS for VASES / descansos 8 KYRH
38%
FLOWERS for VASES / descansos 10 HYD
37%
Petals For Armor 1 Pure Love
37%
The Summer Tic EP 4 This Circle
37%
FLOWERS for VASES / descansos 4 Trigger
37%
Riot! 12 Decoy
36%
EGO 16 Disappearing Man
36%
Singles/Other (Paramore) Jan 31, 2024 Burning Down the House
35%
EGO 4 Negative Self Talk
35%
Petals For Armor 3 Over Yet
35%
Riot! 14 Rewind
35%
Petals For Armor 2 Taken
35%
Petals For Armor 4 Watch Me While I Bloom
35%
Collaborations/Features 2023 Castles Crumbling (with Taylor Swift)
33%
Paramore 21 Tell Me It's Okay
33%
Singles/Other (Paramore) June 13, 2006 My Hero
31%
FLOWERS for VASES / descansos 6 Good Grief
30%
The Summer Tic EP 3 Stuck on You
30%
Singles/Other (Solo) Jan. 15, 2021 Teardrop
30%
FLOWERS for VASES / descansos 9 Inordinary
29%
Singles/Other (Solo) April 23, 2021 Colour Me In
27%
FLOWERS for VASES / descansos 7 Wait On
27%
Singles/Other (Paramore) Oct 6, 2023 Sanity (demo)
26%
Collaborations/Features March 22, 2019 Uncomfortably Numb (with American Football)
26%
Collaborations/Features May 8, 2025 I Like It I Like It (with Moses Sumney)
25%
FLOWERS for VASES / descansos 12 Find Me Here
22%
Singles/Other (Solo) Dec. 18, 2020 Find Me Here
22%
Singles/Other (Solo) Oct. 20, 2017 Nineteen
22%
FLOWERS for VASES / descansos 11 No Use I Just Do
22%
Collaborations/Features Sept. 25, 2015 Bury It (with CHVRCHES)
16%
Collaborations/Features Jan. 1, 2011 Rainbow Connection (with Weezer)
11%
Collaborations/Features Oct. 21, 2008 Fallen (Acoustic) (with Death In The Park)
7%
Collaborations/Features May 16, 2021 (Track 12) Could Never Be (with Fatal System)
2%
Collaborations/Features April 16, 2020 On a Perfect Day (with Can Guru?)
2%
Collaborations/Features May 16, 2021 (Track 8) Speak My Mind (with Fatal System)
2%
Collaborations/Features May 16, 2021 (Track 1) Your Love Is Like a Drug (with Fatal System)
2%
Collaborations/Features May 21, 2015 (Track 1) It's a Life (with The Kora Collective)
1%
Collaborations/Features May 21, 2015 (Track 4) New Day (with The Kora Collective)
1%
No matching quizzes found
Score Distribution
Percent of People with Each Score
Percentile by Number Answered
Your Score History
You have not taken this quiz since the last reset